LEADER 01493nam a2200277 4500 001 000000340768 003 CaOOAMICUS 005 20200626090433.0 008 200626s1724 it 000 u ita r 026 $asani e.to e.e, EpCh (3) 1724 (A) 040 $aSeMil$bita 110 21$aConfraternita di San Rocco in Porta Orientale .$0(OLS)http://semarc/name/111609 245 00$aRegole per la Compagnia intitolata del Suffragio de Morti, eretta nella Chiesa di S. Rocco in Porta Orientale di Milano, sotto il patrocinio del glorioso patriarca S. Giuseppe eletto per protettore ... delle Signore Consorelle. 264 1$aIn Milano :$bPer Carlo Bolzani,$c1724. 300 $a16 p. ;$c4° 500 $aVignetta xilogr. sul front. 500 $aSegn.: A-B4 650 4$aCongregazioni e confraternite religiose - Milano - Sec. 16.-18.$0(OLS)http://semarc/subject/49109 700 1 $aBolzani, Carlo,$c.$0(OLS)http://semarc/name/92507 752 $aIT$dMilano 850 $aSeMil 852 $aSeMil$W1$xVenegono$y1$m3Z V 13/15 FA$j219581$B231797$CSeMilBibl$Z2$F231797 $8I 941 1 $a10 996 $6245$aRegole per la Compagnia intitolata del Suffragio de Morti, eretta nella Chiesa di S. Rocco in Porta Orientale di Milano, sotto il patrocinio del glorioso patriarca S. Giuseppe eletto per protettore ... delle Signore Consorelle$9(OLS)http://semarc/title/429856 996 $6264$aIn Milano :$bPer Carlo Bolzani$9(OLS)http://semarc/publisher/58992 LEADER 01013nam a2200253 i 4500 001 000000203105 003 CaOOAMICUS 005 20151117000000.0 008 151117s1974 it u000 u ita u 013 $a181817 040 $aSeMil$bita 100 1 $aSilva, Carlo.$0(OLS)http://semarc/name/8463 245 10$aVengo dalla Siberia :$bdiario di prigionia /$cCarlo Silva. 250 $a2. ed. 260 $aMilano :$bBietti,$c1974. 300 $a223 p., [6] c. di tav. :$bill. , 22 cm. 490 0 $aCaleidoscopio 650 4$aPrigionieri di guerra italiani - Unione Sovietica - 1939-1945.$0(OLS)http://semarc/subject/32114 830 0$aCaleidoscopio.$0(OLS)http://semarc/title/15466 850 $aSeMil 852 $aSeMil$W1$xVenegono$y1$m1A IV 64$j153601$B153601$CSeMilBibl$Z2$F208413 $81 961 $aOmaggio: Istituto San Vincenzo 996 $6245$aVengo dalla Siberia :$bdiario di prigionia$9(OLS)http://semarc/title/294027 996 $6260$aMilano :$bBietti$9(OLS)http://semarc/publisher/31762 LEADER 01278nam a2200265 i 4500 001 000000089044 003 CaOOAMICUS 005 20220711162943.0 008 180830s1971 it u000 u ita u 040 $aSeMil$bita 100 1 $aWahl, Jean,$d<1888-1974>.$0(OLS)http://semarc/name/33953 245 10$aVerso la fine dell'ontologia :$bstudio sull'introduzione alla metafisica di Heidegger /$cJean Wahl ; a cura di Giuseppe Masi. 264 1$aMilano :$bFabbri,$c1971. 300 $a449 p. ;$c25 cm 490 1 $aFilosofi contemporanei ;$v18 650 4$aHeidegger, Martin <1889-1976> - Metafisica.$0(OLS)http://semarc/subject/52634 650 04$aHeidegger, Martin <1889-1976> - Ontologia.$0(OLS)http://semarc/subject/13136 700 1 $aMasi, Giuseppe,$d<1915-2007>.$0(OLS)http://semarc/name/35283 830 0$aFilosofi contemporanei ;$v18.$0(OLS)http://semarc/title/7729 850 $aSeMil 852 $aSeMil$W1$xVenegono$y1$m2P VI 614$j233550$B52202$CSeMilBibl$Z2$F56644 $81 961 $aRecupero da Biblioteca Seminario di Seveso 996 $6245$aVerso la fine dell'ontologia :$bstudio sull'introduzione alla metafisica di Heidegger$9(OLS)http://semarc/title/134828 996 $6264$aMilano :$bFabbri$9(OLS)http://semarc/publisher/30054